[Event "4NCL"]
[Site "Barcelo Hotel, Hinckley Island"]
[Date "2011.05.01"]
[Round "10.73"]
[White "Purton, Ben J"]
[Black "Pickard, Charles"]
[Result "1-0"]
[WhiteElo "2147"]
[BlackElo "2134"]
[PlyCount "73"]
[EventDate "2011.??.??"]
[WhiteTeam "Sambuca Black Sheep"]
[BlackTeam "Cambridge University 2"]

1. e4 c5 2. Nf3 e6 3. b3 d6 4. Bb2 Nf6 5. d3 Be7 6. Nbd2 O-O 7. Qe2 Nc6 8. g3
a6 9. a3 Ne8 10. Bg2 Bf6 11. c3 b5 12. d4 e5 13. d5 Nb8 14. a4 Bd7 15. axb5
Bxb5 16. c4 Bd7 17. O-O Qc8 18. Ne1 Bd8 19. Nd3 f6 20. f4 Bg4 21. Qe3 Ra7 22.
b4 exf4 23. Rxf4 Rb7 24. bxc5 Rxb2 25. Nxb2 dxc5 26. Nd3 Nd6 27. Rb1 Bc7 28.
Nxc5 Re8 29. Rxg4 Qxg4 30. Ne6 Rxe6 31. dxe6 Qxe6 32. c5 Nb5 33. Bf1 Qe7 34.
Bc4+ Kf8 35. Nf3 Qd7 36. Qd3 Qe7 37. Qd5 1-0

[Event "4NCL"]
[Site "Barcelo Hotel, Hinckley Island"]
[Date "2011.05.01"]
[Round "10.74"]
[White "Spencer, Carl J"]
[Black "Cairns, Stephen"]
[Result "1/2-1/2"]
[WhiteElo "2166"]
[BlackElo "2054"]
[PlyCount "28"]
[EventDate "2011.??.??"]
[WhiteTeam "Cambridge University 2"]
[BlackTeam "Sambuca Black Sheep"]

1. e4 c5 2. Nf3 Nc6 3. Bb5 g6 4. Bxc6 bxc6 5. d3 f6 6. O-O Nh6 7. Nc3 d6 8. h3
Nf7 9. Nh2 Bg7 10. f4 e6 11. Bd2 c4 12. d4 Qb6 13. Qe2 O-O 14. Be3 f5 1/2-1/2

[Event "4NCL"]
[Site "Barcelo Hotel, Hinckley Island"]
[Date "2011.05.01"]
[Round "10.75"]
[White "Varnam, Liam D"]
[Black "Beckett, Chris J"]
[Result "1/2-1/2"]
[WhiteElo "2112"]
[BlackElo "2101"]
[PlyCount "36"]
[EventDate "2011.??.??"]
[WhiteTeam "Sambuca Black Sheep"]
[BlackTeam "Cambridge University 2"]

1. e4 e6 2. d4 d5 3. Nc3 Bb4 4. e5 c5 5. a3 Bxc3+ 6. bxc3 Qa5 7. Bd2 Qa4 8. Qb1
c4 9. f4 Nc6 10. Be2 Nge7 11. Nh3 Bd7 12. O-O O-O-O 13. Ra2 Kb8 14. Qe1 Ka8 15.
Nf2 Rdf8 16. Nd1 f6 17. Ne3 fxe5 18. fxe5 Ng6 1/2-1/2

[Event "4NCL"]
[Site "Barcelo Hotel, Hinckley Island"]
[Date "2011.05.01"]
[Round "10.81"]
[White "Ashton, Adam G"]
[Black "Hutchinson, Norman A"]
[Result "1-0"]
[WhiteElo "2344"]
[BlackElo "2054"]
[PlyCount "57"]
[EventDate "2011.??.??"]
[WhiteTeam "3Cs 1"]
[BlackTeam "Poisoned Pawns 2"]

1. e4 c6 2. d4 d5 3. exd5 cxd5 4. c4 Nf6 5. Nc3 Nc6 6. Bg5 dxc4 7. d5 Na5 8.
Nf3 Bd7 9. Ne5 Rc8 10. Qf3 Qc7 11. Bf4 Qb6 12. O-O-O h5 13. Nxd7 Nxd7 14. g3
Nc5 15. Bh3 Qg6 16. Rd2 e6 17. dxe6 fxe6 18. Re1 Rc6 19. Re5 Be7 20. Qe3 O-O
21. Bg2 Ra6 22. Be4 Qg4 23. Rxc5 Bxc5 24. Qxc5 Rxf4 25. gxf4 Nc6 26. Qxc4 Qg1+
27. Rd1 Qxh2 28. Qxe6+ Kf8 29. Bxc6 1-0

[Event "4NCL"]
[Site "Barcelo Hotel, Hinckley Island"]
[Date "2011.05.01"]
[Round "10.82"]
[White "McCorry, Robert T"]
[Black "Longson, Alexander"]
[Result "0-1"]
[WhiteElo "2055"]
[BlackElo "2231"]
[PlyCount "124"]
[EventDate "2011.??.??"]
[WhiteTeam "Poisoned Pawns 2"]
[BlackTeam "3Cs 1"]

1. c4 e6 2. g3 d5 3. Bg2 dxc4 4. Na3 Nf6 5. Nxc4 c5 6. Nf3 Nc6 7. O-O Be7 8. b3
O-O 9. Bb2 Nd5 10. d4 b5 11. Nce5 Nxe5 12. Nxe5 Bb7 13. Rc1 cxd4 14. Qxd4 Bf6
15. Rfd1 Qe7 16. Qd3 a6 17. e4 Nb4 18. Qd7 Qxd7 19. Rxd7 Bc8 20. Rdc7 Nxa2 21.
Rd1 a5 22. Nd3 Bxb2 23. Nxb2 e5 24. Rd5 b4 25. Rxe5 Be6 26. Rcc5 Bxb3 27. Rxa5
Nc3 28. Nd3 Bc4 29. Nb2 Be2 30. Bf1 f6 31. Rec5 Bxf1 32. Kxf1 Nxe4 33. Rxa8
Nxc5 34. Ra5 Rc8 35. Rb5 b3 36. Ke2 Kf7 37. Nd3 Re8+ 38. Kd2 Ne4+ 39. Kc1 Rc8+
40. Kb2 Nxf2 41. Rb7+ Kg6 42. Nf4+ Kh6 43. Kxb3 Ng4 44. h3 Nf2 45. Ne6 Ne4 46.
Rb4 Nc5+ 47. Nxc5 Rxc5 48. Rd4 f5 49. Kb4 Rc1 50. Kb3 Rh1 51. h4 Rg1 52. Rd3
Kh5 53. Kc2 Kg4 54. Rd7 g6 55. Rxh7 Kxg3 56. h5 g5 57. Rg7 g4 58. h6 Rh1 59. h7
f4 60. Kd3 f3 61. Ke3 f2 62. Rf7 Rxh7 0-1

[Event "4NCL"]
[Site "Barcelo Hotel, Hinckley Island"]
[Date "2011.05.01"]
[Round "10.83"]
[White "Walton, Alan J"]
[Black "McMahon, Paul"]
[Result "1-0"]
[WhiteElo "2175"]
[BlackElo "2037"]
[PlyCount "77"]
[EventDate "2011.??.??"]
[WhiteTeam "3Cs 1"]
[BlackTeam "Poisoned Pawns 2"]

1. d4 Nf6 2. Bg5 Ne4 3. Bf4 d5 4. f3 Nf6 5. e4 e6 6. e5 Nfd7 7. Be3 c5 8. c3
Nc6 9. f4 Qb6 10. Qd2 cxd4 11. cxd4 Bb4 12. Nc3 Na5 13. Nf3 Qc7 14. Rc1 Nb6 15.
Kf2 Nbc4 16. Bxc4 Nxc4 17. Nxd5 exd5 18. Qxb4 Qb6 19. Qxb6 axb6 20. b3 Nxe3 21.
Kxe3 O-O 22. a4 Bd7 23. Rc7 Bc6 24. Rc1 h6 25. Ne1 Ra5 26. Nd3 b5 27. Rc5 Rfa8
28. axb5 Rxb5 29. Rxb5 Bxb5 30. Rxb7 Bc6 31. Rb6 Bd7 32. Nc5 Bf5 33. Ra6 Re8
34. Kd2 g5 35. b4 Rb8 36. Kc3 Kf8 37. Rf6 Bc8 38. e6 Bxe6 39. Rxe6 1-0

[Event "4NCL"]
[Site "Barcelo Hotel, Hinckley Island"]
[Date "2011.05.01"]
[Round "10.84"]
[White "Bailey, Kevin J"]
[Black "Bentley, John L"]
[Result "1/2-1/2"]
[WhiteElo "2029"]
[BlackElo "2212"]
[PlyCount "56"]
[EventDate "2011.??.??"]
[WhiteTeam "Poisoned Pawns 2"]
[BlackTeam "3Cs 1"]

1. e4 c5 2. Nc3 Nc6 3. f4 g6 4. Nf3 Bg7 5. Bb5 Nd4 6. O-O Nxb5 7. Nxb5 d5 8. e5
d4 9. c3 a6 10. Na3 dxc3 11. dxc3 Qxd1 12. Rxd1 b6 13. Nc4 Rb8 14. Ne3 Bb7 15.
Kf2 Rd8 16. Rxd8+ Kxd8 17. Ng5 Nh6 18. b4 cxb4 19. cxb4 Kc7 20. Bb2 Rd8 21.
Rc1+ Bc6 22. Rd1 Rxd1 23. Nxd1 Bd5 24. a3 f6 25. exf6 exf6 26. Ne3 Kd6 27. h3
fxg5 28. Bxg7 Nf7 1/2-1/2

[Event "4NCL"]
[Site "Barcelo Hotel, Hinckley Island"]
[Date "2011.05.02"]
[Round "11.11"]
[White "Beaumont, Chris R"]
[Black "Hodgson, John H"]
[Result "1/2-1/2"]
[WhiteElo "2308"]
[BlackElo "2200"]
[PlyCount "47"]
[EventDate "2011.??.??"]
[WhiteTeam "Bristol 1"]
[BlackTeam "Barbican Youth"]

1. Nf3 Nf6 2. c4 g6 3. d4 Bg7 4. g3 d5 5. cxd5 Nxd5 6. Bg2 Nb6 7. Nc3 Nc6 8. e3
O-O 9. O-O Re8 10. Qe2 e5 11. dxe5 Nxe5 12. Nxe5 Bxe5 13. Rd1 Qe7 14. e4 Be6
15. f4 Bxc3 16. bxc3 Bd5 17. Rd4 c5 18. Ba3 Qc7 19. Rdd1 Rac8 20. Rac1 Qe7 21.
Qf2 Bxe4 22. Bxe4 Qxe4 23. Bxc5 Qc4 24. Bxb6 1/2-1/2

[Event "4NCL"]
[Site "Barcelo Hotel, Hinckley Island"]
[Date "2011.05.02"]
[Round "11.12"]
[White "Bhatia, Kanwal K"]
[Black "Buckley, David E"]
[Result "0-1"]
[WhiteElo "2087"]
[BlackElo "2237"]
[PlyCount "106"]
[EventDate "2011.??.??"]
[WhiteTeam "Barbican Youth"]
[BlackTeam "Bristol 1"]

1. e4 Nf6 2. e5 Nd5 3. d4 d6 4. Nf3 g6 5. Bc4 Nb6 6. Bb3 Bg7 7. O-O O-O 8. Re1
Nc6 9. exd6 Qxd6 10. c3 Bf5 11. Nh4 Bd7 12. Nd2 e6 13. Ne4 Qe7 14. Bg5 f6 15.
Bd2 Rae8 16. Nc5 Nd8 17. Qg4 g5 18. Nf5 Qf7 19. Ng3 h6 20. Nf5 Kh7 21. Qg3 Bc8
22. h4 Nd5 23. Nxg7 Qxg7 24. hxg5 hxg5 25. Bc2+ Kg8 26. f3 c6 27. Kf2 Nf7 28.
Ne4 Ne7 29. Rh1 Nf5 30. Qh3 Nh8 31. Rh2 Ng6 32. Rah1 Rd8 33. g3 Kf7 34. Bb3 Ke7
35. g4 Rh8 36. Qf1 Rxh2+ 37. Rxh2 Nfh4 38. Qe1 Rh8 39. Rh1 b6 40. c4 Re8 41.
Bb4+ Kd7 42. d5 exd5 43. cxd5 Bb7 44. Qc3 Rxe4 45. dxc6+ Bxc6 46. Rd1+ Kc7 47.
fxe4 Kb7 48. Bd5 Ne5 49. Bd6 Nhg6 50. Be6 Qh7 51. Kg1 Nf4 52. Bc4 Qxe4 53. Bf1
Ne2+ 0-1

[Event "4NCL"]
[Site "Barcelo Hotel, Hinckley Island"]
[Date "2011.05.02"]
[Round "11.13"]
[White "Salov, Sergei"]
[Black "O'Toole, George E"]
[Result "1-0"]
[WhiteElo "2258"]
[BlackElo "2152"]
[PlyCount "85"]
[EventDate "2011.??.??"]
[WhiteTeam "Bristol 1"]
[BlackTeam "Barbican Youth"]

1. e4 e5 2. Nf3 Nc6 3. Bb5 a6 4. Ba4 Nf6 5. O-O Be7 6. Re1 b5 7. Bb3 O-O 8. a4
Bb7 9. d3 d6 10. Nc3 b4 11. Ne2 Na5 12. Ba2 c5 13. c3 Bc6 14. Ng3 Rb8 15. d4 b3
16. Bb1 Qc7 17. Nf5 Rfe8 18. d5 Bb7 19. Bg5 h6 20. Bh4 Bd8 21. Nd2 Bc8 22. Ne3
Nd7 23. Bxd8 Rxd8 24. Ndc4 Nxc4 25. Nxc4 Nb6 26. Bd3 Bd7 27. a5 Na4 28. Ra3 Bb5
29. Qd2 Rb7 30. Rea1 Qd7 31. Rxa4 Bxa4 32. Nb6 Rxb6 33. axb6 Rb8 34. Bxa6 Rxb6
35. Bd3 Rb7 36. f4 exf4 37. Qxf4 Ra7 38. e5 dxe5 39. Qxe5 c4 40. Bf1 Kh7 41.
Qd4 g6 42. Bxc4 Rb7 43. Ba6 1-0

[Event "4NCL"]
[Site "Barcelo Hotel, Hinckley Island"]
[Date "2011.05.02"]
[Round "11.14"]
[White "Manley, Jon P"]
[Black "Rudd, Jack"]
[Result "0-1"]
[WhiteElo "2158"]
[BlackElo "2295"]
[PlyCount "68"]
[EventDate "2011.??.??"]
[WhiteTeam "Barbican Youth"]
[BlackTeam "Bristol 1"]

1. e4 d6 2. d4 g6 3. Nc3 Bg7 4. Be3 a6 5. Qd2 Nd7 6. f3 h6 7. Nh3 e6 8. Be2 Ne7
9. Nf2 b6 10. h4 Bb7 11. g4 d5 12. exd5 Nxd5 13. Nxd5 Bxd5 14. c4 Bb7 15. O-O-O
Qe7 16. g5 h5 17. Ne4 O-O-O 18. Qc2 Nb8 19. d5 exd5 20. cxd5 Rxd5 21. Rxd5 Bxd5
22. Bxb6 Be5 23. Bc5 Qe6 24. Rd1 Rd8 25. b3 Qc6 26. Bf2 a5 27. Qxc6 Nxc6 28.
Ba6+ Kb8 29. Bd3 Bxe4 30. fxe4 Nb4 31. Be2 Nxa2+ 32. Kc2 Nb4+ 33. Kc1 Bf4+ 34.
Kb2 Rxd1 0-1

[Event "4NCL"]
[Site "Barcelo Hotel, Hinckley Island"]
[Date "2011.05.02"]
[Round "11.15"]
[White "Stewart, Joseph"]
[Black "Sanders, Isaac B"]
[Result "1/2-1/2"]
[WhiteElo "2082"]
[BlackElo "2015"]
[PlyCount "84"]
[EventDate "2011.??.??"]
[WhiteTeam "Bristol 1"]
[BlackTeam "Barbican Youth"]

1. e4 c5 2. Nf3 d6 3. d4 cxd4 4. Nxd4 Nf6 5. Nc3 a6 6. g3 e5 7. Nb3 Be7 8. Bg2
O-O 9. O-O b5 10. a4 b4 11. Nd5 Nxd5 12. Qxd5 Ra7 13. Be3 Be6 14. Qd2 Rb7 15.
f4 Nd7 16. f5 Bc4 17. Rfd1 h6 18. g4 a5 19. Kh1 Re8 20. Bf3 Nf8 21. Be2 Bxe2
22. Qxe2 Qc7 23. Rd5 Ra8 24. Rc1 Qc6 25. Nxa5 Rxa5 26. Rxa5 Qxe4+ 27. Kg1 Bg5
28. Kf2 Bxe3+ 29. Qxe3 Qxg4 30. f6 Qh4+ 31. Kg2 Qxf6 32. Ra8 Rc7 33. c4 d5 34.
cxd5 Qg6+ 35. Kf2 Qf5+ 36. Kg1 Qg6+ 37. Kf2 Qf5+ 38. Ke1 Rxc1+ 39. Qxc1 Qe4+
40. Kf2 Qf5+ 41. Kg1 Qg4+ 42. Kf2 Qf5+ 1/2-1/2

[Event "4NCL"]
[Site "Barcelo Hotel, Hinckley Island"]
[Date "2011.05.02"]
[Round "11.16"]
[White "Cumming, Rhys"]
[Black "Collier, David O"]
[Result "1-0"]
[WhiteElo "2008"]
[BlackElo "2098"]
[PlyCount "59"]
[EventDate "2011.??.??"]
[WhiteTeam "Barbican Youth"]
[BlackTeam "Bristol 1"]

1. e4 e6 2. d4 d5 3. Nd2 Nf6 4. e5 Nfd7 5. f4 c5 6. c3 Nc6 7. Ndf3 Qb6 8. g3
cxd4 9. cxd4 Bb4+ 10. Kf2 a5 11. Kg2 Be7 12. Nh3 g6 13. Nf2 Qd8 14. h4 h5 15.
Be3 b6 16. Rc1 Bb7 17. a3 Rc8 18. Bd3 Na7 19. Qe2 Nb8 20. Rxc8 Qxc8 21. Rc1 Qd7
22. Qc2 Bd8 23. Ng5 Rg8 24. Qe2 Bc6 25. g4 Rh8 26. Kg3 Bb5 27. Bxb5 Qxb5 28.
Qxb5+ Nxb5 29. Rc8 Na6 30. Rxd8+ 1-0

[Event "4NCL"]
[Site "Barcelo Hotel, Hinckley Island"]
[Date "2011.05.02"]
[Round "11.21"]
[White "Lock, Gavin R"]
[Black "Talsma, Paul A"]
[Result "1/2-1/2"]
[WhiteElo "2192"]
[BlackElo "2260"]
[PlyCount "36"]
[EventDate "2011.??.??"]
[WhiteTeam "Wessex 1"]
[BlackTeam "Anglian Avengers 1"]

1. d4 f5 2. Nc3 Nf6 3. Bg5 d5 4. Bxf6 exf6 5. e3 Be6 6. Qf3 Nc6 7. Bb5 Qd7 8.
Nge2 Bf7 9. O-O-O Be7 10. Nf4 Rd8 11. Nd3 O-O 12. h3 a6 13. Bxc6 Qxc6 14. g4
fxg4 15. hxg4 b5 16. Nf4 h6 17. Nce2 Rfe8 18. Ng3 Bf8 1/2-1/2

[Event "4NCL"]
[Site "Barcelo Hotel, Hinckley Island"]
[Date "2011.05.02"]
[Round "11.22"]
[White "Player, Edmund C"]
[Black "Simons, Martin J"]
[Result "1/2-1/2"]
[WhiteElo "2179"]
[BlackElo "2186"]
[PlyCount "40"]
[EventDate "2011.??.??"]
[WhiteTeam "Anglian Avengers 1"]
[BlackTeam "Wessex 1"]

1. e4 Nc6 2. Nf3 d6 3. Nc3 Nf6 4. h3 e5 5. Bc4 Be7 6. d4 exd4 7. Nxd4 O-O 8.
O-O a6 9. Re1 Nxd4 10. Qxd4 c5 11. Qd1 b5 12. Bd5 Rb8 13. Bf4 b4 14. Ne2 Nxd5
15. Qxd5 Be6 16. Qd3 Qb6 17. Ng3 Rbd8 18. Nh5 Kh8 19. Qg3 Rg8 20. Be3 Qc6
1/2-1/2

[Event "4NCL"]
[Site "Barcelo Hotel, Hinckley Island"]
[Date "2011.05.02"]
[Round "11.23"]
[White "Rutter, Nick J"]
[Black "Spence, David J"]
[Result "1-0"]
[WhiteElo "2191"]
[BlackElo "2207"]
[PlyCount "63"]
[EventDate "2011.??.??"]
[WhiteTeam "Wessex 1"]
[BlackTeam "Anglian Avengers 1"]

1. e4 e6 2. d4 d5 3. Nc3 Bb4 4. Nge2 Nc6 5. a3 Ba5 6. e5 Nge7 7. b4 Bb6 8. Na4
Bd7 9. c3 O-O 10. b5 Na5 11. Nxb6 axb6 12. Rb1 f6 13. exf6 gxf6 14. Ng3 e5 15.
Be2 Kh8 16. O-O e4 17. Bh6 Rg8 18. c4 c6 19. cxd5 cxd5 20. Rc1 Rc8 21. f3 e3
22. Bxe3 Nc4 23. Bxc4 dxc4 24. d5 Bxb5 25. d6 Ng6 26. Rb1 Qd7 27. Bd4 Rcf8 28.
Nh5 Nh4 29. Nxf6 Rxg2+ 30. Kh1 Qh3 31. Ng4+ Kg8 32. Nh6# 1-0

[Event "4NCL"]
[Site "Barcelo Hotel, Hinckley Island"]
[Date "2011.05.02"]
[Round "11.24"]
[White "Munson, Shaun D"]
[Black "Yeo, Michael J"]
[Result "1-0"]
[WhiteElo "2201"]
[BlackElo "2172"]
[PlyCount "119"]
[EventDate "2011.??.??"]
[WhiteTeam "Anglian Avengers 1"]
[BlackTeam "Wessex 1"]

1. d4 Nf6 2. Nc3 d5 3. Bg5 Bf5 4. e3 e6 5. Bd3 Bxd3 6. cxd3 c6 7. Nf3 Be7 8.
O-O h6 9. Bh4 Nbd7 10. a3 g5 11. Bg3 h5 12. Nxg5 h4 13. Be5 Nxe5 14. dxe5 Nd7
15. Nh3 Nxe5 16. f4 Nd7 17. d4 f5 18. Qe2 Bf6 19. Rac1 Qe7 20. Na4 Nb6 21. Nc5
Nc4 22. Nd3 O-O-O 23. a4 Kb8 24. Rc2 Qg7 25. Ne5 Bxe5 26. fxe5 Qg4 27. Rf3 a6
28. Nf4 Rh6 29. b3 Nb6 30. Nd3 Rc8 31. Nc5 Ka7 32. h3 Qg7 33. Qd2 Nd7 34. Nd3
Rhh8 35. b4 Nb6 36. Nb2 Qd7 37. Rf1 Na8 38. Re1 Nc7 39. Nd3 Rhd8 40. Rc5 Kb8
41. Rc2 Ka7 42. Qc3 Qe7 43. Qb3 Kb8 44. Rc5 Qd7 45. Nf4 Rg8 46. Qd3 Qf7 47. Rc2
Rge8 48. Qd2 Rg8 49. Ra1 Rge8 50. Rb2 Rg8 51. Qf2 Rh8 52. Qe1 Rcg8 53. b5 cxb5
54. axb5 Nxb5 55. Rxb5 axb5 56. Qa5 Qd7 57. Qa7+ Kc7 58. Rc1+ Kd8 59. Qb6+ Ke8
60. Rc7 1-0

[Event "4NCL"]
[Site "Barcelo Hotel, Hinckley Island"]
[Date "2011.05.02"]
[Round "11.25"]
[White "Jenks, Bruce"]
[Black "Tozer, Philip AA"]
[Result "1-0"]
[WhiteElo "2123"]
[BlackElo "2151"]
[PlyCount "127"]
[EventDate "2011.??.??"]
[WhiteTeam "Wessex 1"]
[BlackTeam "Anglian Avengers 1"]

1. c4 e5 2. g3 Nf6 3. Bg2 Nc6 4. Nc3 Bc5 5. a3 a6 6. e3 d6 7. Nge2 O-O 8. O-O
Ba7 9. d4 Bg4 10. h3 Bh5 11. dxe5 Nxe5 12. Qc2 Nxc4 13. Nf4 Ne5 14. Nxh5 Nxh5
15. Qe2 Nf6 16. Bxb7 Rb8 17. Qxa6 Bb6 18. Bg2 Nfd7 19. Na4 Nc5 20. Nxc5 Bxc5
21. f4 Nd7 22. Kh2 Qf6 23. Qc6 Nb6 24. Rb1 Nc4 25. b4 Nxe3 26. Bxe3 Bxe3 27.
Rfe1 Bf2 28. Rf1 Qg6 29. Rb3 Bb6 30. Re1 Qf6 31. Rbb1 Qd4 32. a4 Qd3 33. Qe4
Qd2 34. a5 Ba7 35. Re2 Qd4 36. Qxd4 Bxd4 37. Bc6 Bc3 38. a6 Bd4 39. b5 Rfd8 40.
Re4 Bb6 41. Ra1 d5 42. Re2 Bd4 43. Rd1 Bc5 44. Re5 Kf8 45. Kg2 Bb6 46. Rexd5
Rxd5 47. Rxd5 Ke7 48. Rd7+ Ke6 49. Kf3 g6 50. g4 h6 51. Ke4 h5 52. f5+ Kf6 53.
Kf4 hxg4 54. hxg4 gxf5 55. g5+ Kg6 56. Bd5 Rf8 57. Re7 f6 58. Re6 Bd4 59. gxf6
Rxf6 60. Re8 Rd6 61. Re6+ Rxe6 62. Bxe6 Kf6 63. Bxf5 Ke7 64. Ke4 1-0

[Event "4NCL"]
[Site "Barcelo Hotel, Hinckley Island"]
[Date "2011.05.02"]
[Round "11.27"]
[White "de Coverly, Roger D"]
[Black "Gregory, Stephen J"]
[Result "1/2-1/2"]
[WhiteElo "2068"]
[BlackElo "2099"]
[PlyCount "183"]
[EventDate "2011.??.??"]
[WhiteTeam "Wessex 1"]
[BlackTeam "Anglian Avengers 1"]

1. e4 d6 2. d4 Nf6 3. Nc3 g6 4. Be3 Nbd7 5. f4 e5 6. fxe5 dxe5 7. dxe5 Nxe5 8.
Qxd8+ Kxd8 9. O-O-O+ Bd7 10. Nf3 Nxf3 11. gxf3 Kc8 12. Bd4 Bg7 13. Nd5 Nxd5 14.
Bxg7 Rg8 15. Bh6 Nb6 16. h4 Be6 17. Rh2 a5 18. a3 Nd7 19. Bf4 a4 20. Rhd2 Ra5
21. Rd4 Nb6 22. Bg5 Kb8 23. Rd8+ Rxd8 24. Rxd8+ Ka7 25. Rh8 Nc4 26. Rxh7 b6 27.
Rh8 Kb7 28. f4 Rc5 29. Be7 Ra5 30. Bb4 Ra7 31. h5 c5 32. Bc3 Ne3 33. Bb5 gxh5
34. Rxh5 Ra8 35. f5 Bc4 36. Bxc4 Nxc4 37. Rh7 Rf8 38. Bg7 Rg8 39. f6 Kc6 40. c3
Re8 41. Rh4 Nd6 42. e5 Rxe5 43. Rxa4 Re1+ 44. Kd2 Rg1 45. Ra7 Rg2+ 46. Kc1 Rg1+
47. Kc2 Rg2+ 48. Kb1 Kd5 49. Bf8 Nc4 50. b4 cxb4 51. cxb4 Rg1+ 52. Kc2 Rg2+ 53.
Kd1 Nb2+ 54. Ke1 Nd3+ 55. Kf1 Rf2+ 56. Kg1 Rxf6 57. a4 Rg6+ 58. Kf1 f5 59. a5
Rg8 60. Bh6 bxa5 61. bxa5 Rg6 62. Be3 Ke4 63. Bb6 Kf3 64. Rd7 Ne5 65. Rc7 Rd6
66. Rc3+ Kg4 67. Rc1 Nd7 68. Bc7 Ra6 69. Kf2 Nf6 70. Rg1+ Kh5 71. Kf3 Nd5 72.
Bd8 Rd6 73. Rg8 Kh6 74. Bh4 Ra6 75. Be1 Nf6 76. Rc8 Kg6 77. Rc5 Re6 78. Rc1 Ne4
79. Ra1 Ra6 80. Kf4 Kf6 81. Bb4 Ke6 82. Rh1 Kd5 83. Rd1+ Kc4 84. Be1 Kb3 85.
Kxf5 Nc5 86. Ke5 Kc4 87. Rc1+ Kb5 88. Kd5 Nb3 89. Rb1 Ka4 90. Kc4 Rc6+ 91. Kd5
Ra6 92. Kc4 1/2-1/2

[Event "4NCL"]
[Site "Barcelo Hotel, Hinckley Island"]
[Date "2011.05.02"]
[Round "11.28"]
[White "Merry, Alan B"]
[Black "McGiff, Aidan Y"]
[Result "1-0"]
[WhiteElo "1979"]
[BlackElo "1725"]
[PlyCount "107"]
[EventDate "2011.??.??"]
[WhiteTeam "Anglian Avengers 1"]
[BlackTeam "Wessex 1"]

1. b3 b6 2. Bb2 Bb7 3. e3 Nf6 4. f4 e6 5. Nf3 c5 6. Rg1 Nc6 7. g4 Qc7 8. Nc3 d6
9. g5 Nd5 10. Nxd5 exd5 11. h4 Qe7 12. Qe2 O-O-O 13. O-O-O Re8 14. Qf2 Rg8 15.
Bg2 Kb8 16. Rde1 f5 17. gxf6 gxf6 18. h5 f5 19. Bh3 Bg7 20. Qh4 Bxb2+ 21. Kxb2
Bc8 22. Qxe7 Nxe7 23. Ng5 Rg7 24. Nf3 Reg8 25. Rxg7 Rxg7 26. Rg1 Rxg1 27. Nxg1
Kc7 28. Nf3 Ng8 29. Nh4 Nh6 30. Kc1 Be6 31. d3 Kd7 32. Kd2 Ke7 33. Bg2 Bf7 34.
Bf3 Ke6 35. Ke2 Ng8 36. c4 dxc4 37. bxc4 Nf6 38. h6 Bh5 39. Bxh5 Nxh5 40. Kf3
Nf6 41. e4 fxe4+ 42. dxe4 Ne8 43. Nf5 Kf6 44. Nxd6 Nxd6 45. e5+ Ke6 46. exd6
Kxd6 47. a4 Ke6 48. Ke4 Kf6 49. Kd5 Kf5 50. Kc6 Kg6 51. Kb7 a5 52. Kxb6 Kxh6
53. Kxa5 Kg6 54. Kb6 1-0

[Event "4NCL"]
[Site "Barcelo Hotel, Hinckley Island"]
[Date "2011.05.02"]
[Round "11.31"]
[White "Posazhennikov, Alex"]
[Black "Jones, Richard S"]
[Result "0-1"]
[WhiteElo "2233"]
[BlackElo "2369"]
[PlyCount "138"]
[EventDate "2011.??.??"]
[WhiteTeam "Poisoned Pawns 1"]
[BlackTeam "Rhyfelwyr Essyllwg"]

1. d4 Nf6 2. c4 g6 3. Nf3 Bg7 4. Bf4 O-O 5. e3 c5 6. Nc3 cxd4 7. exd4 d5 8. c5
Nc6 9. h3 Ne4 10. Rc1 Nxd4 11. Nxd4 e5 12. Be3 exd4 13. Bxd4 Re8 14. Be2 Bxd4
15. Qxd4 Qg5 16. Qe3 Qd8 17. Rd1 Nxc3 18. Qxc3 b6 19. Kf1 bxc5 20. Qxc5 Be6 21.
Bf3 Qf6 22. Qd4 Qxd4 23. Rxd4 Rac8 24. g4 Rc2 25. Rb4 d4 26. Rxd4 Rxb2 27. a4
Rc8 28. Kg2 Rcc2 29. Rf1 Bc4 30. Re1 Rxf2+ 31. Kg3 Be6 32. Rc1 Rfc2 33. Rxc2
Rxc2 34. Rd8+ Kg7 35. Ra8 Rc3 36. Rd8 Ra3 37. Rd4 g5 38. Kg2 Kf6 39. Bc6 h5 40.
Rb4 hxg4 41. hxg4 Rc3 42. Bf3 Rc4 43. Rxc4 Bxc4 44. a5 Ke5 45. Kg3 Bd5 46. Be2
Ke4 47. Bd1 Ke3 48. Ba4 Be6 49. Bb5 Bc8 50. Bf1 f6 51. Bb5 Kd4 52. Kf3 Kc5 53.
Be2 Kb4 54. a6 Ka5 55. Ke4 Bxa6 56. Bd1 Bc8 57. Kd5 Kb4 58. Kd6 f5 59. gxf5
Bxf5 60. Ke5 Bc8 61. Bf3 a5 62. Bd5 a4 63. Kd4 a3 64. Kd3 g4 65. Kc2 Bf5+ 66.
Kd2 Be4 67. Be6 g3 68. Ke3 g2 69. Kf2 Kc3 0-1

[Event "4NCL"]
[Site "Barcelo Hotel, Hinckley Island"]
[Date "2011.05.02"]
[Round "11.32"]
[White "Brown, Tom"]
[Black "Swanson, Stephen"]
[Result "0-1"]
[WhiteElo "2070"]
[BlackElo "2269"]
[PlyCount "76"]
[EventDate "2011.??.??"]
[WhiteTeam "Rhyfelwyr Essyllwg"]
[BlackTeam "Poisoned Pawns 1"]

1. d4 d6 2. c4 e5 3. Nf3 Nd7 4. Nc3 Ngf6 5. e4 Be7 6. Be2 O-O 7. O-O Re8 8. d5
c5 9. Ne1 Nf8 10. g3 Ng6 11. Ng2 a6 12. Qc2 Bh3 13. Bd2 Nd7 14. Rfe1 Bg5 15.
Ne3 Bxe3 16. Bxe3 Nf6 17. Bf1 Bd7 18. a3 Rf8 19. b4 b6 20. bxc5 bxc5 21. a4 Rb8
22. Reb1 Qc7 23. Rxb8 Rxb8 24. Rb1 h5 25. Bg5 h4 26. Rb2 Kh7 27. Qb1 Rxb2 28.
Qxb2 Bg4 29. f3 Bd7 30. Bd3 Nh5 31. f4 exf4 32. Qe2 Qa5 33. Qxh5+ Kg8 34. Bxf4
Qxc3 35. Qe2 Nxf4 36. gxf4 Qc1+ 37. Qf1 Qe3+ 38. Kh1 Bg4 0-1

[Event "4NCL"]
[Site "Barcelo Hotel, Hinckley Island"]
[Date "2011.05.02"]
[Round "11.33"]
[White "Dunn, Andrew"]
[Black "Morris, Gareth L"]
[Result "1-0"]
[WhiteElo "2215"]
[BlackElo "2131"]
[PlyCount "77"]
[EventDate "2011.??.??"]
[WhiteTeam "Poisoned Pawns 1"]
[BlackTeam "Rhyfelwyr Essyllwg"]

1. Nf3 Nf6 2. d4 c5 3. e3 g6 4. c3 Bg7 5. Bd3 cxd4 6. exd4 d5 7. h3 O-O 8. Bf4
Nc6 9. Nbd2 Ne8 10. O-O Nd6 11. Ne5 Bf5 12. Nxc6 bxc6 13. Bxf5 Nxf5 14. Qe2 Re8
15. Nb3 Nd6 16. Nc5 a5 17. b3 Nb5 18. Rac1 Bf8 19. a4 Nd6 20. Rb1 Ra7 21. Rfe1
e6 22. Qc2 Nb7 23. b4 Bd6 24. Nxb7 Rxb7 25. Bd2 Qa8 26. bxa5 Reb8 27. c4 Bc7
28. cxd5 cxd5 29. Rxb7 Qxb7 30. Rc1 Bd6 31. Qc6 Qxc6 32. Rxc6 Rb1+ 33. Rc1 Rb8
34. g3 Kf8 35. Rc6 Rb1+ 36. Kg2 Ke7 37. a6 Rb8 38. Rxd6 Ra8 39. Rb6 1-0

[Event "4NCL"]
[Site "Barcelo Hotel, Hinckley Island"]
[Date "2011.05.02"]
[Round "11.34"]
[White "Spice, Alan P"]
[Black "McEwan, Ken B"]
[Result "1/2-1/2"]
[WhiteElo "2136"]
[BlackElo "2139"]
[PlyCount "72"]
[EventDate "2011.??.??"]
[WhiteTeam "Rhyfelwyr Essyllwg"]
[BlackTeam "Poisoned Pawns 1"]

1. Nc3 d5 2. e4 dxe4 3. Nxe4 g6 4. h4 h6 5. d4 Bg7 6. Nf3 Nf6 7. Nxf6+ Bxf6 8.
Bf4 Bg4 9. c3 Nd7 10. Bc4 Nb6 11. Bb3 e6 12. Qd2 Bxf3 13. gxf3 h5 14. O-O-O c6
15. Bg5 Bxg5 16. hxg5 Qc7 17. Rde1 O-O-O 18. Re5 Qxe5 19. dxe5 Rxd2 20. Kxd2
Rd8+ 21. Ke3 Nd5+ 22. Bxd5 Rxd5 23. f4 b5 24. Rc1 Kc7 25. Ke2 Kb6 26. Ke3 c5
27. Ke2 a5 28. Rg1 a4 29. Rc1 c4 30. a3 Rd3 31. Rg1 Kc5 32. f3 Kc6 33. Rc1 Kc7
34. Ra1 Kb7 35. Rc1 Kc6 36. Ra1 Kb6 1/2-1/2

[Event "4NCL"]
[Site "Barcelo Hotel, Hinckley Island"]
[Date "2011.05.02"]
[Round "11.35"]
[White "Rosen, Daniel B"]
[Black "Trevelyan, John"]
[Result "1/2-1/2"]
[WhiteElo "2125"]
[BlackElo "2121"]
[PlyCount "24"]
[EventDate "2011.??.??"]
[WhiteTeam "Poisoned Pawns 1"]
[BlackTeam "Rhyfelwyr Essyllwg"]

1. e4 d6 2. d4 e5 3. dxe5 dxe5 4. Qxd8+ Kxd8 5. Nf3 f6 6. Be3 Nd7 7. Nc3 Bc5 8.
Bxc5 Nxc5 9. O-O-O+ Nd7 10. Bc4 c6 11. Be6 Kc7 12. Ne1 Nc5 1/2-1/2